| 000 | 00690nam a22001817a 4500 | ||
|---|---|---|---|
| 999 |
_c15901 _d15901 |
||
| 003 | AR-CdUCM | ||
| 008 | 190430b ||||| |||| 00| 0 spa d | ||
| 040 |
_aMUNICIPALIDAD PROVINCIAL DEL CUSCO _cBIBLIOTECA MUNICIPAL DEL CUSCO |
||
| 082 |
_aC / 370.5 / _bA51 |
||
| 245 |
_aAlma magisterial : _borgano del magisterio primario de Urubamba / |
||
| 260 |
_aCuzco : _bH. G. Rozas, _c1951. |
||
| 300 |
_a133 páginas ; _c25 cm. |
||
| 505 | _aResolución de estímulo para el magisterio de la provincia de Urubamba y el inspector de educaicón de las provincias de Urubamba y la convención -- | ||
| 650 |
_aUrubamba. _91753 |
||
| 650 |
_aEducación. _9460 |
||
| 942 |
_2ddc _cLIBROS |
||
| 945 | _awfj | ||